01247naa a22002897a 4500001001000000003000900010005001700019007000300036008003400039040005400073041000900127072001400136090001800150100001800168100001200186100002300198111009500221260003700316500018100353650001400534650001300548773017800561909003600739942001400775999001900789952014900808BR9301559BR-BrBNA20240918181014.0ta230509b bl.||||| |||| 00| 0 por d aBR-BrBNAbporcBiblioteca Nacional de Agricultura a(Pt) aF30b0175 aF30 BR93015591 aSvoboda, L.H.1 aMor, M.1 aMatzenbacher, R.G.1 a9. Reuniao Anual Conjunta de Pesquisa do TrigocLondrina, PR (Brazil)d20 Mar - 1 Apr 19773 aCruz Alta, RS (Brasil): c1977.  aContribuicao do Centro de Experimentacao e Pesquisa a 9. Reuniao Anual Conjunta de Pesquisa do Trigo, v. 2 - Triticale Cruz Alta, RS (Brasil): 1977. p. 29-35 (BR9301559-AM)F30  aTriticale aLinhagem0 tContribuicao do Centro de Experimentacao e Pesquisa a 9. Reuniao Anual Conjunta de Pesquisa do Trigo, v. 2 - TriticalewF30 BR9301559gCruz Alta, RS (Brasil), 1977. p. 29-35 a202404bLuciac55dLucia Elande cAM2AGRIS c323137d323137 002AGRIS40708Acervo Gerala41918b41918cAgrobasel0o0180 BR9406679r2024-05-20t01yAM10d2024-04-11ePortaria Interministerial nÂș 164/94